Statistiken für Top 15 der betroffenen Covid-19-Länder - 17. Juli

Klicken Sie hier um das Quiz zu spielen!

Allgemein

  • Dieses Quiz wurde 13 mal gespielt
  • Das Durchschnittsergebnis liegt bei 16 aus 25

Antwortstatistiken

Land% Korrekt
Brasilien
100%
Vereinigte Staaten
100%
Indien
91%
Italien
91%
Mexiko
91%
Russland
91%
Vereinigtes
Königreich
91%
Spanien
82%
Katar
73%
Saudi-Arabien
73%
Türkei
73%
Iran
64%
Kuwait
64%
Oman
64%
Bahrain
55%
Chile
55%
Chile
55%
Peru
55%
Schweden
55%
Pakistan
45%
Südafrika
45%
Armenien
36%
Singapur
27%
Weißrussland
27%
Panama
18%

Verteilung der Resultate

Perzentil nach korrekt beantworteten Fragen

Anzahl Personen mit jedem Resultat

Ihre Resultats-Entwicklung

Sie haben dieses Quiz noch nicht gespielt